| 000 | 00565nam a2200229Ia 4500 | ||
|---|---|---|---|
| 003 | OSt | ||
| 005 | 20221005114245.0 | ||
| 006 | a|||||r|||| 00| 0 | ||
| 007 | ta | ||
| 008 | 221004b |||||||| |||| 00| 0 mar d | ||
| 024 | _a59708 | ||
| 037 | _cTextual | ||
| 040 |
_aCRL _cCRL _bmar |
||
| 041 |
_2mar _amar |
||
| 082 | _aO155,3M99,3, 33J2 | ||
| 100 |
_aSane _9226753 |
||
| 245 | 0 | _aApoorva tyaga | |
| 260 | _c1952 | ||
| 650 |
_aMARATHI LITERATURE _938000 |
||
| 942 |
_hO155,3M99,3, 33J2 _cTEXL _2cc |
||
| 999 |
_c1030766 _d1030766 |
||